MARC

LEADER 00000nab a2200000 a 4500
001 vtls000234417
003 SK-MaSNL
005 20260304011436.0
008 111130c1985 xo 0 slo
015 |a SNBRB19rr/mm-uuuuu 
035 |a CL0244531 
040 |a SNKBUCL  |b slo  |c SNKBUCL  |e AACR2 
041 0 |a slo 
044 |a xo  |c SK 
080 |a 82:7.096  |2 1981 
080 |a 7.096  |2 1981 
080 |a 885.4(087.5)  |2 1981 
100 1 |a Horváthová, Alena  |4 aut  |9 7394 
245 1 0 |a Z rozprávky do rozprávky  |c Alena Horváthová 
500 |a V rubrike Pre mladých poslucháčov 
600 1 7 |a Ďuríčková, Mária,  |d 1919-2004  |2 snkbucl  |9 200338 
610 2 7 |a Československý rozhlas (Bratislava, Slovensko)  |2 snkbucl  |9 124169 
655 7 |a články z novín a časopisov  |2 snkbucl  |9 267496 
655 7 |a články z odboru literárna veda a krásna literatúra  |2 snkbucl  |9 770045 
773 0 |t Rozhlas  |g Č. 49 (1985), s. 19 
850 |a Slovenská národná knižnica v Martine  |a MTA001 
852 |a SNK  |b KIS3GCP 
958 |a RK 
958 |a LX 
992 |a RBX 
999 |c 2566421  |d 2568351